| 000 | 00437nam a2200181Ia 4500 | ||
|---|---|---|---|
| 001 | 17758 | ||
| 005 | 20260306171540.0 | ||
| 008 | 260306s9999||||xx |||||||||||||| ||und|| | ||
| 041 | _aESP | ||
| 082 |
_a658.152 _bE |
||
| 100 |
_aElbaum, Marcelo A. _eAUT |
||
| 245 | 0 | _aAdministración de carteras de inversión | |
| 260 | _c2006 | ||
| 300 |
_a640 páginas : _c26 cm. |
||
| 650 | _aGEN | ||
| 654 | _aCAN | ||
| 942 |
_cLIB _dJUS _fJUS _2ddc _n |
||
| 999 |
_c17758 _d17758 |
||